|
|
|
|
| LEADER |
01768nam a2200433 i 4500 |
| 001 |
EBC2076201 |
| 003 |
MiAaPQ |
| 005 |
20200520144314.0 |
| 006 |
m o d | |
| 007 |
cr cnu|||||||| |
| 008 |
150707t20152015ne a o 000 0 eng|d |
| 020 |
|
|
|z 9789004279933
|
| 020 |
|
|
|a 9789004279940
|q (electronic bk.)
|
| 035 |
|
|
|a (MiAaPQ)EBC2076201
|
| 035 |
|
|
|a (Au-PeEL)EBL2076201
|
| 035 |
|
|
|a (CaPaEBR)ebr11068495
|
| 035 |
|
|
|a (CaONFJC)MIL803013
|
| 035 |
|
|
|a (OCoLC)912288446
|
| 040 |
|
|
|a MiAaPQ
|b eng
|e rda
|e pn
|c MiAaPQ
|d MiAaPQ
|
| 050 |
|
4 |
|a HD5830.A6
|b C45 2015
|
| 082 |
0 |
|
|a 331.10951
|2 23
|
| 245 |
0 |
0 |
|a Chinese research perspectives on population and labor.
|n Volume 2,
|p From demographic dividend to institutional dividend /
|c chief editor, Cai Fang ; associate editor, Wang Meiyan.
|
| 246 |
3 |
0 |
|a From demographic dividend to institutional dividend
|
| 264 |
|
1 |
|a Leiden ;
|a Boston :
|b Brill,
|c [2015]
|
| 264 |
|
4 |
|c 2015
|
| 300 |
|
|
|a 1 online resource (232 pages) :
|b illustrations.
|
| 336 |
|
|
|a text
|2 rdacontent
|
| 337 |
|
|
|a computer
|2 rdamedia
|
| 338 |
|
|
|a online resource
|2 rdacarrier
|
| 490 |
0 |
|
|a Chinese research perspectives. Population and labor,
|x 2212-7518
|
| 588 |
|
|
|a Description based on online resource; title from PDF title page (ebrary, viewed July 7, 2015).
|
| 590 |
|
|
|a Electronic reproduction. Ann Arbor, MI : ProQuest, 2016. Available via World Wide Web. Access may be limited to ProQuest affiliated libraries.
|
| 650 |
|
0 |
|a Labor supply
|z China.
|
| 651 |
|
0 |
|a China
|x Population.
|
| 655 |
|
4 |
|a Electronic books.
|
| 700 |
1 |
|
|a Cai, Fang,
|e editor.
|
| 700 |
1 |
|
|a Wang, Meiyan,
|d 1975-
|e editor.
|
| 797 |
2 |
|
|a ProQuest (Firm)
|
| 856 |
4 |
0 |
|u https://ebookcentral.proquest.com/lib/matrademy/detail.action?docID=2076201
|z Click to View
|